000 01430nam a2200361 a 4500
001 ebr10231155
003 CaPaEBR
006 m u
007 cr cn|||||||||
008 750211s1947 mnuab sb 001 0 eng d
010 _zagr47000034
020 _z9780816606740
020 _z9780816662241
040 _aCaPaEBR
_cCaPaEBR
035 _a(OCoLC)646750194
043 _an-us-mn
_an-usm--
050 1 4 _aQL628.M6
_bE3 1947eb
082 0 4 _a597.09776
100 1 _aEddy, Samuel,
_d1897-1972.
245 1 0 _aNorthern fishes
_h[electronic resource] :
_bwith special reference to the Upper Mississippi Valley /
_c[by] Samuel Eddy and Thaddeus Surber.
250 _aRev. [i.e. 2nd] ed.
260 _aMinneapolis :
_bUniversity of Minnesota Press,
_c[1947]
300 _axii, 276 p. :
_bill. (part col.), map.
504 _aIncludes bibliographical references (p. 261-266) and index.
533 _aElectronic reproduction.
_bPalo Alto, Calif. :
_cebrary,
_d2013.
_nAvailable via World Wide Web.
_nAccess may be limited to ebrary affiliated libraries.
650 0 _aFishes
_zMinnesota.
650 0 _aFishes
_zMississippi River Valley.
650 0 _aFreshwater fishes.
655 7 _aElectronic books.
_2local
700 1 _aSurber, Thaddeus,
_d1871-1949.
710 2 _aebrary, Inc.
856 4 0 _uhttp://site.ebrary.com/lib/rucke/Doc?id=10231155
_zAn electronic book accessible through the World Wide Web; click to view
999 _c39550
_d39550